Normal view MARC view

Entry Topical Term

Number of records used in: 1

001 - CONTROL NUMBER

  • control field: 13068

003 - CONTROL NUMBER IDENTIFIER

  • control field: OSt

005 - DATE AND TIME OF LATEST TRANSACTION

  • control field: 20191125121905.0

008 - FIXED-LENGTH DATA ELEMENTS

  • fixed length control field: 191125|| aca||aabn | a|a d

040 ## - CATALOGING SOURCE

  • Original cataloging agency: OSt
  • Transcribing agency: OSt

150 ## - HEADING--TOPICAL TERM

  • Topical term or geographic name entry element: Lecture notes

670 ## - SOURCE DATA FOUND

  • Source citation: Work cat.: (OSt)865: Whitby, L. G.; Smith, A. F.; Beckett, G. J. 2343, Lecture Notes on Clinical Chemistry, 1991.